| 000 | 01160nam a22003257a 4500 | ||
|---|---|---|---|
| 003 | CHAP | ||
| 005 | 20220329134510.0 | ||
| 008 | 971013s1987 r 00010 d | ||
| 010 | _a21242 | ||
| 011 | _a22214 | ||
| 035 | _a26307 | ||
| 040 | _cCHAP | ||
| 090 | _aTesis | ||
| 100 | 0 | 0 |
_aBorja Texocotitla, Antonio Mariano. _913886 |
| 245 | _aAplicación de tres técnicas para la optimización del transporte de productos forestales en el área de influencia de PROTIMBOS | ||
| 260 |
_aChapingo, Méx. : _bEl autor, _c1987 |
||
| 300 |
_a102 h. _b; mapas |
||
| 502 | _aTesis (Ing. Agr. Esp. en Bosques) -- UACH. División de Ciencias Forestales | ||
| 590 |
_aALEPH _b10 _c20130110 _lUCH01 _h1245 |
||
| 590 |
_aBATCH-UPD _b10 _c20130110 _lUCH01 _h1943 |
||
| 590 |
_aBATCH-UPD _b10 _c20130410 _lUCH01 _h1306 |
||
| 590 |
_aBATCH-UPD _b10 _c20130914 _lUCH01 _h1739 |
||
| 590 |
_aCONVERSION _b10 _c20130109 _lUCH01 _h1313 |
||
| 650 | 1 | 4 |
_aMadera _xTransporte. _969633 |
| 650 | 1 | 4 |
_aProductos forestales _xMéxico (Edo.) _992095 |
| 650 | 1 | 4 |
_aProductos forestales _xTransporte. _992109 |
| 901 | _aBK | ||
| 942 | _cTESIS | ||
| 949 |
_bBC _cTES _d-60746 _eTS1 _h19251 _i26307 _si |
||
| 999 |
_c21242 _d21242 |
||